| 000 | 01118nam a2200277 a 4500 | ||
|---|---|---|---|
| 008 | 110811s1999 ag f 001 0 spa | ||
| 020 | _a98709553209 | ||
| 041 | _aspa | ||
| 092 |
_c362.76 _l6 _sBEC |
||
| 100 | 1 |
_aBecher de Goldberg, Diana _9737 |
|
| 245 |
_aMaltrato infantil. _bUna deuda con la niñez / _cDiana Becher de Goldberg |
||
| 250 |
_a2a ed. ampliada y actualizada _bPrólogo Carlos Gianantonio |
||
| 260 |
_aBuenos Aires: _bUrbano; _c1999. |
||
| 300 | _a254 p. | ||
| 500 | _aBecher de Goldberg, D. y Kuperman de Kuitca, M. (1999). Maltrato infantil. Una deuda con la niñez. (2a ed.). Buenos Aires : Editor Urbano. | ||
| 590 | _aDonación Dr. Vera, 19/04/2011 | ||
| 653 | _aEstadísticas del programa de atención de niños y adolescentes maltratados de la secretaría de salud pública | ||
| 653 | _aDaño a los niños a través de la historia | ||
| 653 | _aAgresión y violencia | ||
| 653 | _aSíndrome Battered Child | ||
| 653 | _aPrevención y tratamiento | ||
| 653 | _aAbuso sexual | ||
| 653 | _aInterdisciplina y redes | ||
| 700 | 1 |
_aKuperman de Kuitca, María _9738 |
|
| 942 |
_2ddc _cBK |
||
| 999 |
_c886 _d886 |
||